00515nam a2200205Ia 4500008004100000020001400041050001400055100002000069245002700089245005500116260001500171260001600186260000900202300001600211300002000227300001000247300003700257440000600294500000900300170918s9999 xx 000 0 und d a439451078 bS672 2001 aSnicket, Lemony 4aThe hostile hospital / cby Lemony Snicket ; illustrated by Brett Helquist. aNew York : bScholastic, c2001 a255 pages : billustrations ; c19cm. eA series of unfortunate events ; a8 a1110